000 00341 a2200157 4500
001 44494
020 _a9788574167398
040 _cAnchieta - Aquarius
100 _aSung, Hye Sook
240 1 0 _aO livro do fogo
_lpor
245 1 0 _aO livro do fogo
300 _a36
362 0 _a2012
650 4 _aLiteratura infanto-juvenil
942 _cBK
999 _c44494
_d44494